000 00779nam a2200217 a 4500
003 0
005 20250214102250.0
008 110621s19uu xx 00 eng d
050 _aPHS BF 697.F36
_b.Ue22 2011
100 _aUeno, Mariko.
245 _aFamily relationship and self concept /
_cMariko Ueno.
260 _aLas Pinas City, Philippines :
_bSouthville International School and Colleges,
_c2011.
300 _a28 pages :
_billustrations ;
_c28 cm.
504 _aIncludes bibliographical references.
650 _aSelf concept
_xFamily.
650 _aSelf-perception
_xFamily influences.
650 _aFamily relationships
_xPsychological aspects.
650 _aInterpersonal relations
_xFamily.
650 _aAdolescence
_xSelf-concept development.
942 _2lcc
_cPASS
999 _c98566
_d98566